<?xml version="1.0" encoding="UTF-8"?>
<record
    xmlns:xsi="http://www.w3.org/2001/XMLSchema-instance"
    xsi:schemaLocation="http://www.loc.gov/MARC21/slim http://www.loc.gov/standards/marcxml/schema/MARC21slim.xsd"
    xmlns="http://www.loc.gov/MARC21/slim">

  <leader>01150nab a2200241 i 4500</leader>
  <controlfield tag="001">BPP</controlfield>
  <controlfield tag="003">BPK</controlfield>
  <controlfield tag="005">20190610114405.0</controlfield>
  <controlfield tag="008">141211s1989    pl  |  |     |000 ||pol</controlfield>
  <datafield tag="040" ind1=" " ind2=" ">
    <subfield code="c">BPK</subfield>
  </datafield>
  <datafield tag="080" ind1=" " ind2=" ">
    <subfield code="a">621.92</subfield>
  </datafield>
  <datafield tag="080" ind1=" " ind2=" ">
    <subfield code="a">691</subfield>
  </datafield>
  <datafield tag="100" ind1=" " ind2=" ">
    <subfield code="a">S&#x141;OWI&#x143;SKI, Bronis&#x142;aw.</subfield>
    <subfield code="d">1972 - 1996.</subfield>
    <subfield code="b">Wy&#x17C;sza Szko&#x142;a In&#x17C;ynierska w Koszalinie - Wydzia&#x142; Mechaniczny, </subfield>
    <subfield code="c">Zak&#x142;ad Technologii Maszyn</subfield>
  </datafield>
  <datafield tag="245" ind1=" " ind2=" ">
    <subfield code="a">Efektywno&#x15B;&#x107; procesu szlifowania &#x15B;ciernicami z &#x17C;u&#x17C;la pomiedziowego /</subfield>
    <subfield code="c">Bronis&#x142;aw S&#x142;owi&#x144;ski.</subfield>
  </datafield>
  <datafield tag="260" ind1=" " ind2=" ">
    <subfield code="c">1989.</subfield>
  </datafield>
  <datafield tag="500" ind1=" " ind2=" ">
    <subfield code="a">Dane z autopsji.</subfield>
  </datafield>
  <datafield tag="520" ind1=" " ind2=" ">
    <subfield code="a">W artykule rozpatrzono skuteczno&#x15B;&#x107; pracy spojonych narz&#x119;dzi &#x15B;ciernych, w kt&#xF3;rych zast&#x119;powano &#x15B;cierniwo lub spoiwo &#x17C;u&#x17C;lem pomiedziowym. Wykazano, &#x17C;e jest niecelowe stosowanie tego materia&#x142;u odpadowego jako &#x15B;cierniwa do spojonych narz&#x119;dzi &#x15B;ciernych - u&#x17C;ywanych w procesach szlifowania. Mo&#x17C;e on by&#x107; jednak z pozytywnym skutkiem stosowany jako spoiwo do tego typu narz&#x119;dzi.</subfield>
  </datafield>
  <datafield tag="650" ind1=" " ind2="0">
    <subfield code="a">&#x17B;u&#x17C;el.</subfield>
  </datafield>
  <datafield tag="650" ind1=" " ind2="0">
    <subfield code="a">Szlifowanie</subfield>
  </datafield>
  <datafield tag="650" ind1=" " ind2="0">
    <subfield code="a">&#x15A;ciernica</subfield>
  </datafield>
  <datafield tag="773" ind1=" " ind2=" ">
    <subfield code="i">W :</subfield>
    <subfield code="t">Pow&#x142;oki ochronne. -</subfield>
    <subfield code="g">1989, R. 17, nr 1-2, s. 50-54</subfield>
  </datafield>
  <datafield tag="942" ind1=" " ind2=" ">
    <subfield code="c">ART</subfield>
    <subfield code="2">UKD</subfield>
  </datafield>
  <datafield tag="999" ind1=" " ind2=" ">
    <subfield code="c">3545</subfield>
    <subfield code="d">3545</subfield>
  </datafield>
  <datafield tag="952" ind1=" " ind2=" ">
    <subfield code="0">0</subfield>
    <subfield code="1">0</subfield>
    <subfield code="4">0</subfield>
    <subfield code="7">0</subfield>
    <subfield code="a">BPK</subfield>
    <subfield code="b">BPK</subfield>
    <subfield code="o">0676</subfield>
    <subfield code="y">ART</subfield>
  </datafield>
</record>
